Normal view
MARC view
- Auditing-Data processing-Sampling (Statistics)
Entry Topical Term
001 - CONTROL NUMBER
- control field: 6820
003 - CONTROL NUMBER IDENTIFIER
- control field: JO-AjAnu
005 - DATE AND TIME OF LATEST TRANSACTION
- control field: 20230606071414.0
008 - FIXED-LENGTH DATA ELEMENTS
- fixed length control field: 230606|| aca||aabn | a|a d
040 ## - CATALOGING SOURCE
- Original cataloging agency: JO-AjAnu
- Transcribing agency: JO-AjAnu
150 ## - HEADING--TOPICAL TERM
- Topical term or geographic name entry element: Auditing-Data processing-Sampling (Statistics)
670 ## - SOURCE DATA FOUND
- Source citation: Work cat.: (JO-AjAnu)3534: TAYLOR, DONALD H; G. WILLIAM GLEZEN, author 6819, AUDITING INTERATED CONCEPTS AND PROCEDURES